000 00766nam a2200205Ia 4500
003 OSt
005 20260114110559.0
008 220922b |||||||| |||| 00| 0 pan d
020 _a9788171165438 (hbk)
037 _cTB
040 _aARTS
_cARTS
_bpun
041 _2pun
_apun
100 _aਰਤਨਦੀਪ ਕੌਰ
_9156278
245 0 _aਪਾਕਿਸਤਾਨੀ ਪੰਜਾਬੀ ਕਹਾਣੀ
_b ਆਲੋਚਨਾਤਮਕ ਅਧਿਐਨ
260 _aਦਿੱਲੀ
_b ਨੈFਨਲ ਬੁਕ Fਾਪ
_c2010
300 _a158ਪੰ
_ccm.
650 _aਪੰਜਾਬੀ ਸਾਹਿਤ
_9864383
942 _hO44Q7,3:g 153Q0
_cTB
_2CC
_n0
999 _c297330
_d297330